Inorganic syntheses. (Record no. 21336)
[ view plain ]
| 000 -LEADER | |
|---|---|
| fixed length control field | 01990cam a2200541Ii 4500 |
| 001 - CONTROL NUMBER | |
| control field | ocn878149535 |
| 003 - CONTROL NUMBER IDENTIFIER | |
| control field | OCoLC |
| 005 - DATE AND TIME OF LATEST TRANSACTION | |
| control field | 20230823095413.0 |
| 006 - FIXED-LENGTH DATA ELEMENTS--ADDITIONAL MATERIAL CHARACTERISTICS--GENERAL INFORMATION | |
| fixed length control field | m o d |
| 007 - PHYSICAL DESCRIPTION FIXED FIELD--GENERAL INFORMATION | |
| fixed length control field | cr cn||||||||| |
| 008 - FIXED-LENGTH DATA ELEMENTS--GENERAL INFORMATION | |
| fixed length control field | 140406t20142014nju ob 001 0 eng d |
| 040 ## - CATALOGING SOURCE | |
| Original cataloging agency | E7B |
| Language of cataloging | eng |
| Description conventions | rda |
| -- | pn |
| Transcribing agency | E7B |
| Modifying agency | N$T |
| -- | DG1 |
| -- | CUS |
| -- | OCLCO |
| -- | YDXCP |
| -- | OCLCF |
| -- | COO |
| -- | OCLCQ |
| -- | DG1 |
| 020 ## - INTERNATIONAL STANDARD BOOK NUMBER | |
| ISBN | 9781118744963 |
| Qualifying information | (electronic bk.) |
| 020 ## - INTERNATIONAL STANDARD BOOK NUMBER | |
| ISBN | 1118744969 |
| Qualifying information | (electronic bk.) |
| 020 ## - INTERNATIONAL STANDARD BOOK NUMBER | |
| ISBN | 9781118744994 |
| Qualifying information | (electronic bk.) |
| 020 ## - INTERNATIONAL STANDARD BOOK NUMBER | |
| ISBN | 1118744993 |
| Qualifying information | (electronic bk.) |
| 020 ## - INTERNATIONAL STANDARD BOOK NUMBER | |
| ISBN | 111874487X |
| 020 ## - INTERNATIONAL STANDARD BOOK NUMBER | |
| ISBN | 9781118744871 |
| 020 ## - INTERNATIONAL STANDARD BOOK NUMBER | |
| Cancelled/invalid ISBN | 9781118744871 |
| 029 1# - (OCLC) | |
| OCLC library identifier | CHBIS |
| System control number | 010259579 |
| 029 1# - (OCLC) | |
| OCLC library identifier | CHVBK |
| System control number | 325940630 |
| 029 1# - (OCLC) | |
| OCLC library identifier | DEBBG |
| System control number | BV041997478 |
| 029 1# - (OCLC) | |
| OCLC library identifier | NZ1 |
| System control number | 16300510 |
| 035 ## - SYSTEM CONTROL NUMBER | |
| System control number | (OCoLC)878149535 |
| 050 #4 - LIBRARY OF CONGRESS CALL NUMBER | |
| Classification number | QD156 |
| Item number | .I56 2014eb |
| 072 #7 - SUBJECT CATEGORY CODE | |
| Subject category code | SCI |
| Subject category code subdivision | 013050 |
| Source | bisacsh |
| 082 04 - DEWEY DECIMAL CLASSIFICATION NUMBER | |
| Classification number | 541.39 |
| Edition number | 23 |
| 049 ## - LOCAL HOLDINGS (OCLC) | |
| Holding library | MAIN |
| 245 00 - TITLE STATEMENT | |
| Title | Inorganic syntheses. |
| Number of part/section of a work | Volume 36 / |
| Statement of responsibility, etc | [edited by] Gregory S. Girolami, Alfred P. Satterberger. |
| 264 #1 - | |
| -- | Hoboken, N.J. : |
| -- | Wiley, |
| -- | 2014. |
| 264 #4 - | |
| -- | ©2014 |
| 300 ## - PHYSICAL DESCRIPTION | |
| Extent | 1 online resource (xxvi, 333 pages) |
| 336 ## - | |
| -- | text |
| -- | txt |
| -- | rdacontent |
| 337 ## - | |
| -- | computer |
| -- | c |
| -- | rdamedia |
| 338 ## - | |
| -- | online resource |
| -- | cr |
| -- | rdacarrier |
| 504 ## - BIBLIOGRAPHY, ETC. NOTE | |
| Bibliography, etc | Includes bibliographical references and indexes. |
| 588 0# - | |
| -- | Online resource; title from PDF title page (Wiley, viewed June 2, 2014). |
| 526 ## - STUDY PROGRAM INFORMATION NOTE | |
| Department | Physical Science |
| 650 #0 - SUBJECT ADDED ENTRY--TOPICAL TERM | |
| Topical term or geographic name as entry element | Inorganic compounds |
| General subdivision | Synthesis. |
| 650 #7 - SUBJECT ADDED ENTRY--TOPICAL TERM | |
| Topical term or geographic name as entry element | SCIENCE |
| General subdivision | Chemistry |
| -- | Physical & Theoretical. |
| Source of heading or term | bisacsh |
| 650 #7 - SUBJECT ADDED ENTRY--TOPICAL TERM | |
| Topical term or geographic name as entry element | Inorganic compounds |
| General subdivision | Synthesis. |
| Source of heading or term | fast |
| -- | (OCoLC)fst00973762 |
| 655 #4 - INDEX TERM--GENRE/FORM | |
| Genre/form data or focus term | Electronic books. |
| 700 1# - ADDED ENTRY--PERSONAL NAME | |
| Personal name | Girolami, Gregory S., |
| Dates associated with a name | 1956- |
| Relator term | editor. |
| 700 1# - ADDED ENTRY--PERSONAL NAME | |
| Personal name | Satterberger, Alfred P., |
| Relator term | editor. |
| 776 08 - ADDITIONAL PHYSICAL FORM ENTRY | |
| Display text | Print version: |
| Title | Inorganic syntheses. Volume 36. |
| Place, publisher, and date of publication | Hoboken, New Jersey : John Wiley & Sons, ©2014 |
| Physical description | xxvi, 305 pages |
| International Standard Book Number | 9781118744871 |
| 856 40 - ELECTRONIC LOCATION AND ACCESS | |
| Uniform Resource Identifier | <a href="http://dx.doi.org/10.1002/9781118744994">http://dx.doi.org/10.1002/9781118744994</a> |
| Public note | Wiley Online Library |
| 994 ## - | |
| -- | 92 |
| -- | DG1 |
No items available.